| 000 | 02004nam a2200349 c 4500 | ||
|---|---|---|---|
| 999 |
_c57576 _d57576 |
||
| 003 | BLK | ||
| 005 | 20220415165001.0 | ||
| 008 | 180408b bul|||||r ||||||| ||bul|| | ||
| 010 | _aKNG00061582000 | ||
| 040 | _aBLK | ||
| 041 |
_aBUL _cBUL |
||
| 080 |
_aЖивотновъдни сгради и съоръжения. Ферми. Спомагателни помещения. Оборудване. Вж и 728. 9; 69; 636. 08; 727. 6; 631. 3 _b631.22 _x(035) _z631.22(035) |
||
| 080 |
_aОбщо животновъдство. Развъждане на бозайници и птици. Скотовъдство. Домашни животни и тяхното развъж _b636 _x:631.14(035) _z636:631.14(035) |
||
| 100 | 1 |
_aСпасов, Мирчо Костадинов _eпърви автор _9287711 |
|
| 139 |
_aСпасов, Мирчо Костадинов и др. _bС 55 |
||
| 245 | 1 | 0 |
_aСправочник по микроклимат и климатизация в животновъдните ферми _cМирчо Костадинов Спасов; съавт. Никола Нецов; съавт. Станислав Златарев. |
| 257 | _aBGR | ||
| 260 |
_bЗемиздат _c1982 _fХасково : Атанас Стратиев _aСофия |
||
| 300 |
_a187 с. _bсъс сх., табл., диагр. _c20 см |
||
| 380 | _a63 | ||
| 500 | _aПълното име на втория авт. е Никола Нецов Иванов | ||
| 650 | 4 |
_aЖивотновъдни ферми - вентилация и климатизация - справочници _9287713 |
|
| 653 | _aживотновъдство | ||
| 653 | _aсправочници | ||
| 700 | 1 |
_aНецов, Никола _eсъавт. _gИванов, Никола Нецов _9363671 |
|
| 700 | 1 |
_aЗлатарев, Станислав _eсъавт. _9287712 |
|
| 852 |
_aЦб 115930 _bЦб |
||
| 856 | 4 | _qpdf | |
| 856 | 4 | _qpdf | |
| 942 |
_cKNG _n0 _s1 |
||
| 944 |
_aCR _c13.06.2004 _kЧиталня |
||
| 944 |
_aED _c24.09.2015 _kРенета_Константинова |
||
| 944 |
_aED _c2022-04-15 _kВП |
||
| 999 | _d57576 | ||